| 000 | 00462nam a2200157Ia 4500 | ||
|---|---|---|---|
| 008 | 240729s9999 xx 000 0 und d | ||
| 022 | _a2518-0010 | ||
| 245 | 0 | _aJournal of Kufa for Mathematics and Computer | |
| 260 | _aIraq | ||
| 260 | _bFaculty of Computer Science and Mathematics, University of Kufa | ||
| 650 | _a Mathematics | ||
| 650 | _aScience | ||
| 856 | _uhttps://doaj.org/toc/748a93e9f4e442f09feb8098c5e91087 | ||
| 942 | _2ddc | ||
| 942 | _cDOAJEJ | ||
| 999 |
_c69194 _d69194 |
||
| 945 |
_a1 _bMadushi Gamage _c1 _dMadushi Gamage |
||